000 00546nam a2200181Ia 4500
001 17300
005 20260306171507.0
008 260306s9999||||xx |||||||||||||| ||und||
041 _aESP
082 _a657.61
_bI61C 2019
100 _aInternational Financial Reporting Standards
_eAUT
245 0 _aLas normas NIIF ilustradas parte C:
_bnormas emitidas al 1 de enero de 2019, reflejando cambios todavia no requeridos
260 _c2019
300 _aC2752 páginas :
_c25 cm.
650 _aGEN
654 _aCCO
942 _cLIB
_dJUS
_fJUS
_2ddc
_n
999 _c17300
_d17300